Medidas cautelares en los procedimientos de familia
Αποθηκεύτηκε σε:
| Κύριος συγγραφέας: | |
|---|---|
| Μορφή: | Βιβλίο |
| Γλώσσα: | Ισπανικά |
| Έκδοση: |
Santiago
Editorial Hammurabi
2017
|
| Έκδοση: | 1a. ed |
| Σειρά: | Estudios de Derecho Familiar
|
| Θέματα: | |
| Ετικέτες: |
Προσθήκη ετικέτας
Δεν υπάρχουν, Καταχωρήστε ετικέτα πρώτοι!
|
MARC
| LEADER | 00000cam a2200000 a 4500 | ||
|---|---|---|---|
| 001 | UCC2596 | ||
| 003 | CL-VaPUC | ||
| 008 | 180309e20171200cl |||||||||||||||||spa|d | ||
| 020 | |a 9789569952005 | ||
| 082 | 0 | 4 | |a 346.83015 |b HER |2 21 |
| 100 | 0 | |a Hernández Zencovich, José Luis |e author |9 596660 | |
| 245 | 1 | 0 | |a Medidas cautelares en los procedimientos de familia |
| 250 | |a 1a. ed | ||
| 300 | |a 242 p | ||
| 942 | |c BK | ||
| 945 | |d 20180309 22:06:00 |a arojas | ||
| 260 | |a Santiago |b Editorial Hammurabi |c 2017 | ||
| 650 | 0 | |a Derecho de familia |9 255603 | |
| 650 | 7 | |a TRIBUNALES DE FAMILIA |2 CL-VaPUC |9 596661 | |
| 650 | 7 | |a LEY 19.968 |2 CL-VaPUC |9 596662 | |
| 650 | 0 | |a Medidas cautelares |9 256590 | |
| 583 | |a last modification |c 20180309 22:06:00 |k Rodrigo Vera | ||
| 490 | 0 | |a Estudios de Derecho Familiar | |
| 999 | |c 370658 |d 370656 | ||
| 952 | |0 0 |1 0 |3 erb |4 0 |6 346_830150000000000_HER_2017 |7 0 |8 A |9 487231 |a BIBDER |b BIBDER |i 5453712 |o 346.83015 HER 2017 |p 5453712 |r 2023-01-25 |w 2019-11-24 |y BK |z Catalogado en:20180309 |k DER | ||